Návrhy na zlepšenie a skvalitnenie služieb a zavedenie nových služieb vo vile Martin diplomová práca

Enregistré dans:
Détails bibliographiques
Auteur principal: Jelšíková, Martina
Collectivité auteur: Obchodná fakulta EU. Katedra služieb a cestovného ruchu - zrušené
Autres auteurs: Pachingerová, Mária
Format: Livre
Langue:slovaque
Publié: Bratislava 2008
Tags: Ajouter un tag
Pas de tags, Soyez le premier à ajouter un tag!

MARC

LEADER 00000nam$a2200000$$$4500
001 0087906
005 20240201115802.4
041 0 |a slo 
044 |a SK 
245 1 0 |a Návrhy na zlepšenie a skvalitnenie služieb a zavedenie nových služieb vo vile Martin  |b diplomová práca  |c Martina Jelšíková ; škol. Mária Pachingerová 
264 1 |a Bratislava  |c 2008 
300 |a 69 s. 
100 1 |a Jelšíková, Martina 
700 1 |a Pachingerová, Mária 
710 2 |a Obchodná fakulta EU. Katedra služieb a cestovného ruchu - zrušené